Catálogo - Centro de Recursos para el Aprendizaje y la Investigación

Volver al Sitio - CRAI Biblioteca
Vista normal Vista MARC
  • Cassa, Roberto,

Entrada Nombre personal

Número de registros utilizados en: 1

001 - NÚMERO DE CONTROL

  • campo de control: 194516

003 - IDENTIFICADOR DEL NÚMERO DE CONTROL

  • campo de control: DR-UNIBE

005 - FECHA Y HORA DE LA ÚLTIMA TRANSACCIÓN

  • campo de control: 20250424105547.0

008 - DATOS DE LONGITUD FIJA

  • campo de control de longitud fija: 250424|| aca||aabn | a|a d

040 ## - FUENTE DE LA CATALOGACIÓN

  • Centro catalogador/agencia de origen: DR-UNIBE
  • Centro/agencia transcriptor: DR-UNIBE

100 ## - ENCABEZAMIENTO-NOMBRE DE PERSONA

  • Nombre de persona: Cassa, Roberto,
  • Fechas asociadas al nombre: 1948-
  • Forma completa/desarrollada del nombre: (Cassá Bernaldo de Quirós, Roberto)
  • Títulos y otros términos asociados al nombre: autor

670 ## - FUENTE DE DATOS ENCONTRADOS

  • Cita de la fuente: Work cat.: (DR-UNIBE)113482: Cassa, Roberto, 1948- (Cassá Bernaldo de Quirós, Roberto) autor, Con la palabra de Dios / , 2024